书目信息 |
| 题名: |
地图学
|
|
| 作者: | 张力果 , 赵淑梅 编著 | |
| 分册: | ||
| 出版信息: | 北京 高等教育出版社 1983 |
|
| 页数: | 232页 | |
| 开本: | 26cm | |
| 丛书名: | ||
| 单 册: | ||
| 中图分类: | P28 | |
| 科图分类: | ||
| 主题词: | 地图学 | |
| 电子资源: | ||
| ISBN: | 7-04-001439-4 | |
| 000 | 00680nam0 2200241 45 | |
| 001 | 0183006057 | |
| 005 | 20070619115208.84 | |
| 010 | @a7-04-001439-4@dCNY4.10 | |
| 100 | @a19950603d1990 em y0chiy0121 ea | |
| 101 | 0 | @achi |
| 102 | @aCN@b110000 | |
| 105 | @ay z 000yy | |
| 200 | 10 | @a地图学@Adi tu xue@f张力果,赵淑梅编著@FZhang Li Guo,Zhao Shu Mei BianZhu |
| 210 | @a北京@c高等教育出版社@d1983@d1990 | |
| 215 | @a232页@d26cm | |
| 300 | @a高等学校试用教材 | |
| 606 | @a地图学 | |
| 690 | @aP28@v3 | |
| 701 | 0 | @a张力果@Azhang li guo@4编著 |
| 701 | 0 | @a赵淑梅@Azhao shu mei@4编著 |
| 801 | 0 | @aCN@b上海图书馆@c20070619 |
| 801 | 2 | @aCN@bNLC@c20070615 |
| 905 | @dP28@e145 | |
| 地图学/张力果,赵淑梅编著.-北京:高等教育出版社,1983,1990 |
| 232页;26cm |
| 高等学校试用教材 |
| ISBN 7-04-001439-4:CNY4.10 |
| ● |
| 相关链接 |
|
|
|
|
正题名:地图学
索取号:P28/145
 
预约/预借
| 序号 | 登录号 | 条形码 | 馆藏地/架位号 | 状态 | 备注 |
| 1 | 0405909 | 204059099 | 第二样本阅览室/ [索取号:P28/145] | 在馆 | |
| 2 | 0405910 | 204059106 | 密集书库/ [索取号:P28/145] | 在馆 | |
| 3 | 0405911 | 204059115 | 密集书库/ [索取号:P28/145] | 在馆 | |
| 4 | 0405912 | 204059124 | 密集书库/ [索取号:P28/145] | 在馆 | |
| 5 | 0405913 | 204059133 | 密集书库/ [索取号:P28/145] | 在馆 | |
| 6 | 0405914 | 204059142 | 密集书库/ [索取号:P28/145] | 在馆 | |
| 7 | 0405915 | 204059151 | 密集书库/ [索取号:P28/145] | 在馆 | |
| 8 | 0405916 | 204059160 | 密集书库/ [索取号:P28/145] | 在馆 | |
| 9 | 0405917 | 204059179 | 密集书库/ [索取号:P28/145] | 在馆 | |
| 10 | 0405918 | 204059188 | 密集书库/ [索取号:P28/145] | 在馆 | |
| 11 | 0405919 | 204059197 | 密集书库/ [索取号:P28/145] | 在馆 | |
| 12 | 0405920 | 204059204 | 密集书库/ [索取号:P28/145] | 在馆 | |
| 13 | 0405921 | 204059213 | 密集书库/ [索取号:P28/145] | 在馆 | |
| 14 | 0405922 | 204059222 | 密集书库/ [索取号:P28/145] | 在馆 | |
| 15 | 0652518 | 206525189 | 库房3/ [索取号:P28/145] | 在馆 | |
| 16 | 0652519 | 206525198 | 库房3/ [索取号:P28/145] | 在馆 | |
| 17 | 0655387 | 206553870 | 库房3/ [索取号:P28/145] | 在馆 | |
| 18 | 0655388 | 206553889 | 库房3/ [索取号:P28/145] | 在馆 |